[Event "Bayernliga U20 1718"]
[Site "Bayern"]
[Date "2017.12.02"]
[Round "3.3"]
[White "Hetzner, Hannes"]
[Black "Gold, Florian"]
[Result "1-0"]
[WhiteElo "1857"]
[BlackElo "1540"]
[PlyCount "45"]
[EventDate "2017.11.18"]
[EventType "team-tourn"]
[EventRounds "7"]
[EventCountry "GER"]
[SourceTitle "EXT 2022"]
[Source "ChessBase"]
[SourceDate "2021.10.06"]
[SourceVersion "1"]
[SourceVersionDate "2021.10.06"]
[SourceQuality "1"]
[WhiteTeam "Erlangen SC U20"]
[BlackTeam "Kelheim SK U20"]
[WhiteTeamCountry "GER"]
[BlackTeamCountry "GER"]

1. e4 e5 2. Nf3 Nc6 3. Bb5 Bc5 4. 0-0 Nd4 5. Nxd4 Bxd4 6. c3 Bb6 7. d4 c6 8. Ba4 d6 9. Na3 Bd7 10. Nc4 Bc7 11. dxe5 dxe5 12. Nd6+ Bxd6 13. Qxd6 Qe7 14. Qc7 b5 15. Bb3 a5 16. a4 Nf6 17. Bg5 Rg8 18. axb5 cxb5 19. Rxa5 Rc8 20. Qb7 h6 21. Ra8 Qd8 22. Rxc8 Bxc8 23. Qxf7# 1-0

[Event "Bayernliga U20 1718"]
[Site "Bayern"]
[Date "2017.11.18"]
[Round "1.3"]
[White "Gabler, Eric"]
[Black "Gold, Florian"]
[Result "1-0"]
[WhiteElo "2071"]
[BlackElo "1540"]
[PlyCount "53"]
[EventDate "2017.11.18"]
[EventType "team-tourn"]
[EventRounds "7"]
[EventCountry "GER"]
[SourceTitle "EXT 2022"]
[Source "ChessBase"]
[SourceDate "2021.10.06"]
[SourceVersion "1"]
[SourceVersionDate "2021.10.06"]
[SourceQuality "1"]
[WhiteTeam "Regensburg Bavaria U20"]
[BlackTeam "Kelheim SK U20"]
[WhiteTeamCountry "GER"]
[BlackTeamCountry "GER"]

1. d4 d6 2. Nf3 f5 3. g3 e6 4. Bg2 Nf6 5. 0-0 Be7 6. c4 0-0 7. b3 Qe8 8. Bb2 Qh5 9. Nc3 g5 10. e3 Ng4 11. h3 Nh6 12. Nh2 Qg6 13. e4 e5 14. Nd5 Bd8 15. exf5 Qxf5 16. dxe5 dxe5 17. Ne3 Qf6 18. Qd5+ Nf7 19. Nhg4 Qd6 20. Nxe5 Qxd5 21. Bxd5 Bxh3 22. Nxf7 Rxf7 23. Bxb7 Bxf1 24. Rxf1 Rd7 25. Bxa8 c6 26. Rd1 Rxd1+ 27. Nxd1 1-0

[Event "Landesliga U20 Nord 1617"]
[Site "Bayern"]
[Date "2016.12.10"]
[Round "2.4"]
[White "Reitmeier, Oliver"]
[Black "Gold, Florian"]
[Result "0-1"]
[WhiteElo "1215"]
[BlackElo "1524"]
[PlyCount "46"]
[EventDate "2016.11.12"]
[EventType "team-tourn"]
[EventRounds "7"]
[EventCountry "GER"]
[SourceTitle "EXT 2022"]
[Source "ChessBase"]
[SourceDate "2021.10.06"]
[SourceVersion "1"]
[SourceVersionDate "2021.10.06"]
[SourceQuality "1"]
[WhiteTeam "Kareth Lappersdorf U20"]
[BlackTeam "Kelheim SK U20"]
[WhiteTeamCountry "GER"]
[BlackTeamCountry "GER"]

1. e4 e5 2. Nf3 Nc6 3. Bc4 Nf6 4. Nc3 Nxe4 5. Nxe4 d5 6. Bd3 dxe4 7. Bxe4 Qd6 8. 0-0 Bg4 9. d3 Be7 10. h3 Bh5 11. Be3 0-0-0 12. Qd2 Kb8 13. Bxc6 Qxc6 14. Nxe5 Qd5 15. Bf4 f6 16. Nc4 g5 17. Bg3 f5 18. Be5 Rhg8 19. Rfe1 Bc5 20. g3 Qf3 21. d4 Bf7 22. b3 Bd5 23. Ne3 Qh1# 0-1